Estatísticas para Países que começam com a letra "L"

Clique aqui para jogar o quiz

Estatísticas Gerais

  • Esse quiz foi jogado 954 vezes
  • A pontuação média é 8 de 9

Estatísticas das Respostas

Países% Correto
LITUÂNIA
95%
LETÔNIA
93%
LAOS
86%
LÍBIA
84%
LÍBANO
83%
LIBÉRIA
82%
LUXEMBURGO
79%
LIECHTENSTEIN
77%
LESOTO
73%

Distribuição das Pontuações

Percentil de Números Respondidos

Porcentagem de Pessoas com Cada Pontuação

Sua Pontuação Histórica

Você não jogou esse quiz